000 00713nam a2200217Ia 4500
003 GCL
008 140319s9999 xx 000 0 ara d
040 _aGCL /
_cGCL
082 0 4 _a362.76
_bم م
245 1 0 _aملف الطفولة
260 _aالقاهرة :
_bمركز الاهرام للتنظيم وتكنولوجيا المعلومات ،
_c2003
300 _a226 سم ؛
_c32 سم
650 0 4 _aالعنف
650 0 4 _aالطفولة
650 0 4 _aالعدوانية
650 0 4 _aالاطفال المتشردون
650 0 4 _aالاطفال - تربية
650 0 4 _aالاطفال - حقوق مدنية
650 0 4 _aالاطفال - المشاكل الاجتماعية
942 _2ddc
_cBK
999 _c5709
_d5709